[Event "23rd EUR-ch"]
[Site "Vrnjacka Banja SRB"]
[Date "2023.03.03"]
[Round "1.111"]
[White "Lorenz, Roger"]
[Black "Valsecchi, Alessio"]
[Result "1/2-1/2"]
[WhiteElo "2180"]
[BlackElo "2505"]
[EventDate "2023.03.03"]
[PlyCount "103"]

1.d4 d5 2.c4 dxc4 3.Nf3 Nf6 4.e3 Bg4 5.Bxc4 e6 6.h3 Bh5 7.Nc3 Bb4 8.Qa4+ 
Nc6 9.Ne5 Qd6 10.O-O O-O 11.Nb5 Qe7 12.Nxc6 bxc6 13.Nxc7 Rac8 14.Na6 Bd6 
15.Bd2 Ne4 16.Bb4 Qg5 17.Bxd6 Nxd6 18.Kh1 Qh4 19.Bd3 f5 20.f4 Qg3 21.Rae1 
Bf3 22.Qc2 Qxh3+ 23.Kg1 Qg3 24.Qf2 Qxf2+ 25.Rxf2 Bd5 26.b3 Rf7 27.Nc5 Rcf8
28.Rc2 g5 29.fxg5 Re7 30.e4 fxe4 31.Bxe4 Nf5 32.Bxf5 Rxf5 33.Ne4 Kg7 34.
Rf2 Kg6 35.Rfe2 Rf4 36.g3 Rg4 37.Re3 Bxe4 38.Rxe4 Rxg3+ 39.Kf2 Rc3 40.
Rxe6+ Rxe6 41.Rxe6+ Kxg5 42.Re5+ Kf4 43.Rh5 Rc2+ 44.Ke1 Rxa2 45.Rxh7 Ke3 
46.Kd1 Kxd4 47.Rh3 Kc5 48.Rc3+ Kb5 49.Kc1 c5 50.Kb1 Rh2 51.Rc4 Rd2 52.Rh4 
1/2-1/2

[Event "23rd EUR-ch"]
[Site "Vrnjacka Banja SRB"]
[Date "2023.03.03"]
[Round "1.112"]
[White "Wieczorek, Oskar"]
[Black "Petrekanovic, Miroslav"]
[Result "1-0"]
[WhiteElo "2505"]
[BlackElo "2179"]
[EventDate "2023.03.03"]
[PlyCount "79"]

1.e4 c6 2.Nf3 d5 3.exd5 cxd5 4.Ne5 a6 5.d4 Nc6 6.c4 Nxe5 7.dxe5 d4 8.Bf4 
g5 9.Bg3 Qa5+ 10.Nd2 h5 11.h4 g4 12.Bd3 Bh6 13.a3 Qxd2+ 14.Qxd2 Bxd2+ 15.
Kxd2 Be6 16.Bf4 Nh6 17.Be4 O-O-O 18.g3 Kb8 19.Rac1 Ka7 20.Bg5 Rd7 21.Rhe1 
Nf5 22.c5 Rc8 23.b4 Ng7 24.c6 bxc6 25.Rxc6 Rxc6 26.Bxc6 Rc7 27.Rc1 Kb6 28.
Ba4 Rxc1 29.Kxc1 Nf5 30.Kd2 Bc4 31.Bd7 Be6 32.Be8 Ng7 33.Ba4 Nf5 34.Kd3 a5
35.Ke4 axb4 36.axb4 Ka6 37.Bc1 f6 38.Bb2 Bc8 39.exf6 exf6 40.Bxd4 1-0

[Event "23rd EUR-ch"]
[Site "Vrnjacka Banja SRB"]
[Date "2023.03.03"]
[Round "1.113"]
[White "Sahin, Ozgun"]
[Black "Druska, Juraj"]
[Result "0-1"]
[WhiteElo "2177"]
[BlackElo "2505"]
[EventDate "2023.03.03"]
[PlyCount "44"]

1.e4 c5 2.Nf3 d6 3.d4 cxd4 4.Nxd4 Nf6 5.Nc3 a6 6.a3 e5 7.Nf5 d5 8.Bg5 d4 
9.Bxf6 gxf6 10.Nb1 Bxf5 11.exf5 Qd5 12.Qd3 Nd7 13.Nd2 Nc5 14.Qh3 h5 15.Bd3
Bh6 16.Ne4 Nxe4 17.Qf3 Qa5+ 18.b4 Bd2+ 19.Kf1 Ng5 20.Qd1 Qd5 21.Qxd2 h4 
22.h3 O-O-O 0-1

[Event "23rd EUR-ch"]
[Site "Vrnjacka Banja SRB"]
[Date "2023.03.03"]
[Round "1.114"]
[White "Gines Esteo, Pedro Antonio"]
[Black "Onslow, Alfie"]
[Result "1/2-1/2"]
[WhiteElo "2500"]
[BlackElo "2174"]
[EventDate "2023.03.03"]
[PlyCount "66"]

1.c4 e5 2.Nc3 Nf6 3.Nf3 Nc6 4.e4 d6 5.d4 Bg4 6.d5 Nd4 7.Be2 Nxe2 8.Qxe2 
Be7 9.Be3 O-O 10.h3 Bd7 11.Nd2 Nxe4 12.Ndxe4 f5 13.O-O fxe4 14.Nxe4 Qe8 
15.f3 Qg6 16.Kh1 Bf5 17.Bg1 Rf7 18.Rae1 Raf8 19.Qe3 b6 20.Re2 Bh4 21.Bf2 
Bxf2 22.Rfxf2 Bxe4 23.Qxe4 Rf4 24.Qxg6 hxg6 25.b3 Rd4 26.g3 Rd3 27.Kg2 a5 
28.f4 exf4 29.gxf4 a4 30.Re7 Rf7 31.Re8+ Rf8 32.Re7 Rf7 33.Re8+ Rf8 
1/2-1/2

[Event "23rd EUR-ch"]
[Site "Vrnjacka Banja SRB"]
[Date "2023.03.03"]
[Round "1.115"]
[White "Zlatkov, Anton"]
[Black "Fernandez, Daniel Howard"]
[Result "0-1"]
[WhiteElo "2174"]
[BlackElo "2498"]
[EventDate "2023.03.03"]
[PlyCount "74"]

1.e4 Nc6 2.Nf3 d6 3.d4 Nf6 4.Nc3 g6 5.h3 Bg7 6.Be3 O-O 7.Be2 a6 8.a4 b6 9.
O-O e6 10.Qd2 Bb7 11.Bh6 a5 12.Bxg7 Kxg7 13.Rfe1 Nb4 14.Bf1 Qe7 15.Rad1 
Rad8 16.g3 e5 17.Bg2 Rfe8 18.Qc1 h6 19.Kh2 Rd7 20.Ng1 Qd8 21.f4 exf4 22.
gxf4 Nh5 23.Nge2 Qh4 24.d5 Na6 25.Qd2 Nc5 26.Qd4+ Kg8 27.Rf1 Ba6 28.Nb5 
Rde7 29.e5 Ng7 30.Nec3 Nf5 31.Qf2 Nxa4 32.exd6 Nxc3 33.Nxc3 Bxf1 34.Qxh4 
Nxh4 35.Bxf1 cxd6 36.Bb5 Rc8 37.Bc6 Re3 0-1

[Event "23rd EUR-ch"]
[Site "Vrnjacka Banja SRB"]
[Date "2023.03.03"]
[Round "1.116"]
[White "Gorshtein, Ido"]
[Black "Safar, Sandro"]
[Result "1-0"]
[WhiteElo "2498"]
[BlackElo "2173"]
[EventDate "2023.03.03"]
[PlyCount "105"]

1.c4 f5 2.Nf3 Nf6 3.g3 d6 4.d4 e6 5.Bg2 Be7 6.O-O O-O 7.Nc3 Ne4 8.Qd3 Nxc3
9.bxc3 Nc6 10.e4 e5 11.dxe5 dxe5 12.Qd5+ Kh8 13.Rb1 f4 14.Re1 fxg3 15.hxg3
Qd6 16.Be3 Rb8 17.Nd2 Qg6 18.Qd3 Bg5 19.Rb5 a6 20.Rd5 Be6 21.Nf3 Bxe3 22.
Qxe3 Qf6 23.Qc5 Bg4 24.Nh2 Be6 25.Rf1 Bxd5 26.cxd5 Qe7 27.Qxe7 Nxe7 28.c4 
Ng6 29.Bh3 b5 30.c5 b4 31.c6 Rf6 32.Ng4 Rd6 33.Ne3 Ne7 34.Nc4 Rh6 35.Kg2 
Rb5 36.Nxe5 Kg8 37.Rd1 a5 38.f4 a4 39.Be6+ Kf8 40.f5 b3 41.axb3 axb3 42.
Rb1 Rb4 43.Ra1 b2 44.Ra8+ Nc8 45.d6 cxd6 46.Rxc8+ Ke7 47.Rc7+ Ke8 48.Nf7 
Kf8 49.Nxh6 Rb8 50.f6 gxf6 51.Rf7+ Ke8 52.Nf5 Rd8 53.Ng7# 1-0

[Event "23rd EUR-ch"]
[Site "Vrnjacka Banja SRB"]
[Date "2023.03.03"]
[Round "1.117"]
[White "Andrijashkin, Deniss"]
[Black "Subelj, Jan"]
[Result "0-1"]
[WhiteElo "2164"]
[BlackElo "2496"]
[EventDate "2023.03.03"]
[PlyCount "62"]

1.Nf3 c5 2.g3 Nc6 3.Bg2 Nf6 4.O-O e5 5.d3 Be7 6.Nc3 O-O 7.e4 d6 8.Nd5 Nxd5
9.exd5 Nd4 10.Nd2 Bg5 11.f4 exf4 12.Ne4 Bh6 13.Bxf4 Bxf4 14.Rxf4 f5 15.c3 
Nb5 16.Nd2 Bd7 17.Nc4 Qf6 18.Qd2 Rae8 19.Rf2 Nc7 20.Qf4 Nb5 21.h4 h6 22.h5
Re5 23.Nxe5 dxe5 24.Qe3 b6 25.Re1 Re8 26.g4 f4 27.Qf3 Qh4 28.Bh3 Nd6 29.
Kg2 Nf7 30.Rh1 Ng5 31.Qe2 Qg3+ 0-1

[Event "23rd EUR-ch"]
[Site "Vrnjacka Banja SRB"]
[Date "2023.03.03"]
[Round "1.118"]
[White "Kukhmazov, Arsen"]
[Black "Manukian, Sargis A."]
[Result "1-0"]
[WhiteElo "2495"]
[BlackElo "2163"]
[EventDate "2023.03.03"]
[PlyCount "95"]

1.d4 d5 2.c4 e6 3.Nc3 Nf6 4.cxd5 Nxd5 5.e4 Nxc3 6.bxc3 c5 7.Nf3 cxd4 8.
cxd4 Bb4+ 9.Bd2 Bxd2+ 10.Qxd2 O-O 11.Bc4 Nd7 12.O-O b6 13.Rad1 Bb7 14.Rfe1
Rc8 15.Bb3 h6 16.h3 Qf6 17.Qe3 Rfd8 18.Rd2 Rc7 19.e5 Qg6 20.d5 Bxd5 21.
Bxd5 exd5 22.Rxd5 Re8 23.Nd4 Nc5 24.Nb5 Rce7 25.Nd6 Rf8 26.f4 f5 27.Red1 
Qh5 28.Kh2 g5 29.Nxf5 Rxf5 30.g4 gxf4 31.Qf3 Qg5 32.gxf5 Qxf5 33.e6 Qxe6 
34.Qxf4 Rg7 35.Qb8+ Kh7 36.Qe5 Re7 37.Qxe6 Rxe6 38.Rg1 Re7 39.Rd8 Rf7 40.
Rgg8 Rf2+ 41.Rg2 Rf7 42.Re8 Rd7 43.Rge2 Kg6 44.R8e7 Rd4 45.Rxa7 Ne4 46.Ra6
Ng5 47.Rxb6+ Kh5 48.Rb3 1-0

[Event "23rd EUR-ch"]
[Site "Vrnjacka Banja SRB"]
[Date "2023.03.03"]
[Round "1.119"]
[White "Androutsopoulos-Agiotatos, Vasil"]
[Black "Blohberger, Felix"]
[Result "0-1"]
[WhiteElo "2161"]
[BlackElo "2493"]
[EventDate "2023.03.03"]
[PlyCount "41"]

1.e4 c5 2.Nf3 d6 3.Bb5+ Bd7 4.c4 Nf6 5.Nc3 g6 6.O-O Bg7 7.h3 O-O 8.d4 cxd4
9.Qxd4 Nc6 10.Qe3 a6 11.Ba4 Re8 12.Bd2 Be6 13.b3 Nd7 14.Rac1 Nc5 15.Bxc6 
bxc6 16.Ne2 a5 17.Rfd1 f6 18.a3 Bd7 19.b4 Na4 20.Qb3 Nb6 21.b5 0-1

[Event "23rd EUR-ch"]
[Site "Vrnjacka Banja SRB"]
[Date "2023.03.03"]
[Round "1.120"]
[White "Reshef, Omer"]
[Black "Noy, Eyal"]
[Result "1-0"]
[WhiteElo "2492"]
[BlackElo "2161"]
[EventDate "2023.03.03"]
[PlyCount "67"]

1.e4 c5 2.Nf3 d6 3.b3 Nf6 4.Nc3 Nc6 5.Bb2 Bg4 6.Bb5 e5 7.Bxc6+ bxc6 8.h3 
Bh5 9.Qe2 Be7 10.O-O-O O-O 11.g4 Bg6 12.d3 Qd7 13.Kb1 Qe6 14.Rdg1 Nd7 15.
h4 f6 16.h5 Be8 17.Nh4 h6 18.Qd2 Bf7 19.Ng6 Rfd8 20.f4 d5 21.exd5 cxd5 22.
Nxd5 Bd6 23.fxe5 Qxd5 24.exd6 Bxg6 25.hxg6 Nf8 26.Bxf6 Rxd6 27.Bxg7 Rxg6 
28.Bb2 Ne6 29.Rxh6 Rxh6 30.Qxh6 Kf7 31.Qh7+ Ke8 32.g5 Qf3 33.Re1 Qg4 34.
Qh8+ 1-0

[Event "23rd EUR-ch"]
[Site "Vrnjacka Banja SRB"]
[Date "2023.03.03"]
[Round "1.121"]
[White "Manko, Mariia"]
[Black "Gharibian, Mamikon"]
[Result "0-1"]
[WhiteElo "2159"]
[BlackElo "2491"]
[EventDate "2023.03.03"]
[PlyCount "78"]

1.d4 Nf6 2.Nf3 e6 3.g3 d5 4.c4 Be7 5.Bg2 O-O 6.O-O a5 7.Nc3 c6 8.Ne5 Nbd7 
9.Bf4 Nxe5 10.dxe5 Nd7 11.cxd5 exd5 12.e4 d4 13.Qxd4 Bc5 14.Qd2 Qe7 15.Kh1
Nxe5 16.Bxe5 Qxe5 17.f4 Qd4 18.Qe2 Be6 19.Rad1 Qc4 20.Qf3 f6 21.f5 Bf7 22.
Rd7 Rad8 23.Rfd1 Rxd7 24.Rxd7 Qb4 25.Qe2 Bd4 26.a3 Qc5 27.Qd2 Be3 28.Na4 
Qa7 29.Qd6 h5 30.e5 fxe5 31.Bxc6 Qa6 32.Bg2 Qe2 33.Qd1 Qxd1+ 34.Rxd1 Bd4 
35.Nc3 Bb3 36.Rc1 Rxf5 37.Bxb7 Rf7 38.Ne4 Bxb2 39.Ng5 Bc2 0-1

[Event "23rd EUR-ch"]
[Site "Vrnjacka Banja SRB"]
[Date "2023.03.03"]
[Round "1.123"]
[White "Stoinev, Metodi"]
[Black "Gorodetzky, David"]
[Result "0-1"]
[WhiteElo "2159"]
[BlackElo "2488"]
[EventDate "2023.03.03"]
[PlyCount "114"]

1.e4 e5 2.Nf3 Nc6 3.Bb5 Nge7 4.d4 exd4 5.Nxd4 Nxd4 6.Qxd4 Nc6 7.Bxc6 dxc6 
8.Qxd8+ Kxd8 9.Nc3 Be6 10.Bf4 Kc8 11.O-O-O b6 12.a3 Kb7 13.Ne2 Re8 14.Nd4 
Bc8 15.f3 g6 16.h4 h5 17.Rd2 Bg7 18.Rhd1 Bf6 19.g3 Be7 20.c3 f6 21.Re2 
Rhf8 22.Bh6 Rf7 23.e5 fxe5 24.Rxe5 Rh8 25.Bd2 c5 26.Ne2 Bd6 27.Re3 Rhf8 
28.f4 Bg4 29.Re1 Rd7 30.c4 Rfd8 31.Bc3 Bf8 32.b3 Rd3 33.Rxd3 Rxd3 34.Kc2 
Rf3 35.Be5 Bf5+ 36.Kb2 Re3 37.Bc3 Bg4 38.Nc1 Rxg3 39.a4 Bd6 40.Be5 Kc6 41.
Na2 Rh3 42.Nc3 Rxh4 43.Bxd6 Kxd6 44.Re8 Bf3 45.Nb5+ Kd7 46.Rg8 Rxf4 47.
Rxg6 Rf7 48.Rh6 a6 49.Nc3 Ke7 50.a5 bxa5 51.Na4 Rf5 52.Kc3 Kf7 53.Kd2 Kg7 
54.Rxa6 h4 55.Rxa5 h3 56.Nxc5 h2 57.Ne6+ Kf6 0-1

[Event "23rd EUR-ch"]
[Site "Vrnjacka Banja SRB"]
[Date "2023.03.03"]
[Round "1.124"]
[White "Samunenkov, Ihor"]
[Black "Gikas, Andreas Basilius"]
[Result "1-0"]
[WhiteElo "2488"]
[BlackElo "2157"]
[EventDate "2023.03.03"]
[PlyCount "93"]

1.Nf3 d5 2.e3 Nf6 3.c4 c6 4.Nc3 g6 5.d4 Bg7 6.Be2 O-O 7.O-O Bg4 8.h3 Bxf3 
9.Bxf3 e6 10.b3 Nbd7 11.g3 Re8 12.Bb2 Rb8 13.a4 a5 14.Bg2 Qb6 15.Qc2 Qa6 
16.Rfb1 Bf8 17.Ne2 Rec8 18.Nf4 Bd6 19.Nd3 b6 20.Qd1 Qa7 21.Rc1 Be7 22.Rc2 
Rc7 23.Rac1 Rbc8 24.Qe2 Qb8 25.g4 h6 26.Qf3 Ne4 27.Qf4 g5 28.Qf3 Nf8 29.
Qe2 Ng6 30.f3 Nf6 31.e4 Nh4 32.Bh1 Ng6 33.Rf1 Rb7 34.e5 Nd7 35.f4 gxf4 36.
Nxf4 Bg5 37.Nxg6 fxg6 38.Ba3 Re8 39.Qd3 Kg7 40.Rcf2 Rg8 41.Rf7+ Kh8 42.h4 
Bxh4 43.Qh3 Bg5 44.Be7 Bd2 45.g5 h5 46.Qxe6 Be3+ 47.Kh2 1-0

[Event "23rd EUR-ch"]
[Site "Vrnjacka Banja SRB"]
[Date "2023.03.03"]
[Round "1.125"]
[White "Voiteanu, Gabriel"]
[Black "Ahmadzada, Ahmad"]
[Result "0-1"]
[WhiteElo "2155"]
[BlackElo "2487"]
[EventDate "2023.03.03"]
[PlyCount "78"]

1.c4 c5 2.g3 Nc6 3.Bg2 g6 4.Nf3 Bg7 5.O-O d6 6.Nc3 Nf6 7.d4 O-O 8.h3 cxd4 
9.Nxd4 Nxd4 10.Qxd4 Be6 11.Bxb7 Nd5 12.Qh4 Nxc3 13.bxc3 Rb8 14.Bd5 Bxd5 
15.cxd5 Bxc3 16.Bg5 f6 17.Bh6 Rb4 18.e4 Bxa1 19.Bxf8 Bd4 20.Bh6 Qd7 21.Rd1
Bc5 22.Rd3 Rb2 23.Rd2 Rb1+ 24.Kh2 Qc8 25.Rc2 Re1 26.Rb2 Bb6 27.Be3 Bxe3 
28.fxe3 Qc1 29.Rf2 Qxe3 30.Qf4 Qxf4 31.gxf4 Rxe4 32.Kg3 Re3+ 33.Kg4 f5+ 
34.Kh4 Kg7 35.a4 h6 36.a5 Kf6 37.Rg2 g5+ 38.fxg5+ hxg5+ 39.Rxg5 Rxh3+ 0-1

[Event "23rd EUR-ch"]
[Site "Vrnjacka Banja SRB"]
[Date "2023.03.03"]
[Round "1.126"]
[White "Gokerkan, Cem Kaan"]
[Black "Bauer, Thomas"]
[Result "1-0"]
[WhiteElo "2486"]
[BlackElo "2151"]
[EventDate "2023.03.03"]
[PlyCount "47"]

1.e4 c5 2.Ne2 d6 3.g3 g6 4.Bg2 Bg7 5.c3 Nf6 6.d4 O-O 7.O-O Qb6 8.h3 e5 9.
a4 exd4 10.a5 Qa6 11.cxd4 Nc6 12.Be3 cxd4 13.Nxd4 Ne5 14.Nc3 Nc4 15.Bc1 
Be6 16.b4 b6 17.e5 Nxe5 18.Nxe6 fxe6 19.Qxd6 Nf7 20.Qxe6 Rac8 21.Qb3 Qd3 
22.Rd1 Qf5 23.axb6 axb6 24.Ra7 1-0

[Event "23rd EUR-ch"]
[Site "Vrnjacka Banja SRB"]
[Date "2023.03.03"]
[Round "1.127"]
[White "Srdanovic, Jovana"]
[Black "Kraus, Tomas"]
[Result "0-1"]
[WhiteElo "2146"]
[BlackElo "2486"]
[EventDate "2023.03.03"]
[PlyCount "60"]

1.d4 d5 2.c4 e6 3.Nc3 c6 4.Nf3 dxc4 5.a4 Bb4 6.e4 b5 7.Be2 Bb7 8.O-O a6 9.
Na2 Be7 10.b3 cxb3 11.Qxb3 Nf6 12.Bd3 Nbd7 13.Rd1 O-O 14.Bb2 b4 15.Qc2 h6 
16.Nc1 c5 17.Nb3 c4 18.Bxc4 Bxe4 19.Qe2 Bd5 20.Ne5 Nb6 21.Na5 Nxc4 22.
Naxc4 a5 23.Ne3 Rc8 24.Qa6 Ne4 25.N5c4 Nc3 26.Bxc3 bxc3 27.Rdc1 Bb4 28.Qb5
Rb8 29.Qa6 Be4 30.Nc2 Bd3 0-1

[Event "23rd EUR-ch"]
[Site "Vrnjacka Banja SRB"]
[Date "2023.03.03"]
[Round "1.128"]
[White "Sadikhov, Ulvi"]
[Black "Nilssen, Ellen Fredericia"]
[Result "1-0"]
[WhiteElo "2485"]
[BlackElo "2144"]
[EventDate "2023.03.03"]
[PlyCount "65"]

1.Nf3 c5 2.g3 d5 3.Bg2 Nc6 4.O-O Nf6 5.d3 e6 6.Nbd2 Be7 7.e4 b6 8.Re1 Bb7 
9.c3 Qc7 10.Nf1 dxe4 11.dxe4 O-O 12.e5 Nd7 13.Qe2 a5 14.h4 c4 15.Qxc4 Ba6 
16.Qe4 Nc5 17.Qg4 Kh8 18.Bg5 f6 19.exf6 gxf6 20.Bh6 Rg8 21.Qh5 Bd3 22.Nd4 
Bg6 23.Qe2 Nxd4 24.cxd4 Nd3 25.Red1 Rad8 26.Rxd3 Bxd3 27.Qxd3 Bc5 28.Qc3 
Rxd4 29.Be3 Rdd8 30.Qxf6+ Qg7 31.Qxg7+ Kxg7 32.Bxc5 bxc5 33.Rc1 1-0

[Event "23rd EUR-ch"]
[Site "Vrnjacka Banja SRB"]
[Date "2023.03.03"]
[Round "1.129"]
[White "Sitbon, Itay"]
[Black "Zanan, Evgeny"]
[Result "0-1"]
[WhiteElo "2144"]
[BlackElo "2485"]
[EventDate "2023.03.03"]
[PlyCount "64"]

1.d4 Nf6 2.c4 g6 3.Nc3 Bg7 4.e4 d6 5.h3 O-O 6.Bg5 c5 7.d5 e6 8.Bd3 exd5 9.
cxd5 h6 10.Be3 Re8 11.a4 Na6 12.Rc1 c4 13.Bb1 Qa5 14.f3 Nc5 15.Ne2 a6 16.
O-O Nb3 17.Rc2 Bd7 18.Qe1 b5 19.axb5 axb5 20.Ng3 b4 21.Nd1 Bb5 22.Qf2 Qa1 
23.Bf4 c3 24.Re1 Nxd5 25.Nxc3 bxc3 26.exd5 Bd4 27.Ne4 Bxf2+ 28.Kxf2 Rxe4 
29.fxe4 Bd3 30.bxc3 Bxc2 31.Bxc2 Qxc3 32.Bb1 Nd2 0-1

[Event "23rd EUR-ch"]
[Site "Vrnjacka Banja SRB"]
[Date "2023.03.03"]
[Round "1.130"]
[White "Parkhov, Yair"]
[Black "Petrovic, Dragan R."]
[Result "1-0"]
[WhiteElo "2485"]
[BlackElo "2141"]
[EventDate "2023.03.03"]
[PlyCount "71"]

1.d4 Nf6 2.c4 d6 3.Nc3 Nbd7 4.e4 e5 5.Nf3 Be7 6.Be2 O-O 7.O-O c6 8.Be3 a6 
9.d5 c5 10.Kh1 Ne8 11.Rg1 g6 12.g4 Ng7 13.Qd2 f6 14.a3 Rf7 15.b4 b6 16.
Rab1 Qc7 17.Rb2 Nf8 18.Ne1 f5 19.f3 Bd7 20.a4 a5 21.bxc5 bxc5 22.Nd3 f4 
23.Bf2 g5 24.Rgb1 h5 25.h3 Ng6 26.Rb6 Qc8 27.Nxc5 hxg4 28.Nxd7 Qxd7 29.
hxg4 Nh4 30.c5 dxc5 31.d6 Bd8 32.Qd5 Rc8 33.Rb7 Qe6 34.Bc4 Rxb7 35.Qxe6+ 
Nxe6 36.Rxb7 1-0

[Event "23rd EUR-ch"]
[Site "Vrnjacka Banja SRB"]
[Date "2023.03.03"]
[Round "1.131"]
[White "Lorscheid, Gerhard"]
[Black "Castellanos Rodriguez, Renier"]
[Result "0-1"]
[WhiteElo "2140"]
[BlackElo "2484"]
[EventDate "2023.03.03"]
[PlyCount "79"]

1.d4 Nf6 2.c4 e6 3.Nc3 d5 4.Bg5 c6 5.e3 h6 6.Bxf6 Qxf6 7.Nf3 Nd7 8.cxd5 
exd5 9.Bd3 g6 10.O-O Bg7 11.b4 a6 12.a4 O-O 13.b5 a5 14.Qc2 Qd6 15.bxc6 
bxc6 16.Rab1 Rb8 17.Rfc1 Nb6 18.h3 Bd7 19.Qd2 Rfc8 20.e4 Be8 21.e5 Qe7 22.
Rb2 Qa7 23.Rcb1 Nd7 24.Qc2 Nf8 25.Ne2 Ne6 26.Qc3 Rxb2 27.Rxb2 Bf8 28.Qb3 
c5 29.Qxd5 Bc6 30.Qc4 Qd7 31.Nd2 cxd4 32.Qa2 Bb4 33.Rc2 Kg7 34.Qa1 Bxd2 
35.Rxd2 Qd5 36.f3 Qxe5 37.Kf1 Qe3 38.Rd1 Rd8 39.Bc4 Bd5 40.Rd3 0-1

[Event "23rd EUR-ch"]
[Site "Vrnjacka Banja SRB"]
[Date "2023.03.03"]
[Round "1.133"]
[White "Lazic, Ljubisa"]
[Black "Babazada, Khazar"]
[Result "0-1"]
[WhiteElo "2138"]
[BlackElo "2481"]
[EventDate "2023.03.03"]
[PlyCount "50"]

1.d4 Nf6 2.Nf3 g6 3.Bf4 Bg7 4.e3 d6 5.h3 O-O 6.c3 b6 7.Bc4 Bb7 8.O-O Nbd7 
9.Nbd2 Qe8 10.Qe2 a6 11.a4 e5 12.Bh2 Qe7 13.Rfd1 h6 14.b4 Kh7 15.Bb3 e4 
16.Ne1 Nd5 17.Rdc1 f5 18.Rab1 g5 19.Bxd5 Bxd5 20.c4 Bf7 21.Nc2 Bg6 22.c5 
f4 23.cxd6 cxd6 24.Ne1 Nf6 25.exf4 Nd5 0-1

[Event "23rd EUR-ch"]
[Site "Vrnjacka Banja SRB"]
[Date "2023.03.03"]
[Round "1.134"]
[White "Velten, Paul"]
[Black "Nikolaidis, Konstantinos"]
[Result "1-0"]
[WhiteElo "2478"]
[BlackElo "2133"]
[EventDate "2023.03.03"]
[PlyCount "69"]

1.d4 Nf6 2.c4 g6 3.Nc3 d5 4.cxd5 Nxd5 5.e4 Nxc3 6.bxc3 Bg7 7.Be3 O-O 8.Nf3
c5 9.Be2 Qa5 10.O-O Rd8 11.Qb3 Nc6 12.Bc4 e6 13.d5 exd5 14.Bxd5 Qxc3 15.
Bxf7+ Kh8 16.Rac1 Qxb3 17.Bxb3 Nd4 18.Bxd4 Bxd4 19.Nxd4 Rxd4 20.Rxc5 Rxe4 
21.Rc7 Rb8 22.f3 Re8 23.Bf7 Rd8 24.Re1 Bf5 25.Ree7 Rd2 26.g4 Bb1 27.Be6 g5
28.Bf5 Bxa2 29.Rxh7+ Kg8 30.Rcg7+ Kf8 31.Rxg5 Re8 32.Be4 Red8 33.Rh8+ Kf7 
34.Rxd8 Rxd8 35.Ra5 1-0

[Event "23rd EUR-ch"]
[Site "Vrnjacka Banja SRB"]
[Date "2023.03.03"]
[Round "1.135"]
[White "Jovanovic, Sasa T."]
[Black "Kosakowski, Jakub"]
[Result "0-1"]
[WhiteElo "2130"]
[BlackElo "2476"]
[EventDate "2023.03.03"]
[PlyCount "93"]

1.d4 Nf6 2.c4 e6 3.Nc3 Bb4 4.e3 O-O 5.Nf3 d5 6.Bd3 dxc4 7.Bxc4 c5 8.O-O 
Bd7 9.a3 Ba5 10.Qc2 cxd4 11.exd4 Bc6 12.Be2 Qd6 13.Rd1 Nbd7 14.h3 Rac8 15.
Qb3 Bxc3 16.bxc3 Nb6 17.Qb4 Qxb4 18.cxb4 Ne4 19.Bf1 Rfd8 20.Be3 Nd6 21.Ne5
Bb5 22.Nd3 Nd5 23.Bg5 Re8 24.g4 h6 25.Bd2 Ne4 26.Be1 Red8 27.Nc5 Bxf1 28.
Kxf1 Nd6 29.a4 b6 30.Nd3 Ne4 31.Ne5 f6 32.Nf3 Rc2 33.Rdc1 Rdc8 34.Rxc2 
Rxc2 35.a5 Rb2 36.axb6 axb6 37.Ra8+ Kh7 38.h4 Nf4 39.Re8 Rb3 40.Ng1 Rb1 
41.Nf3 g5 42.h5 f5 43.gxf5 g4 44.f6 gxf3 45.f7 Nd2+ 46.Kg1 Rxe1+ 47.Kh2 
0-1

[Event "23rd EUR-ch"]
[Site "Vrnjacka Banja SRB"]
[Date "2023.03.03"]
[Round "1.136"]
[White "Sokolovsky, Yahli"]
[Black "Maksimovic, Branimir"]
[Result "0-1"]
[WhiteElo "2476"]
[BlackElo "2128"]
[EventDate "2023.03.03"]
[PlyCount "32"]

1.e4 e6 2.d4 d5 3.e5 c5 4.c3 Qb6 5.Nf3 Bd7 6.Be2 Bb5 7.Bxb5+ Qxb5 8.Na3 
Qd7 9.Nc2 cxd4 10.cxd4 Nc6 11.O-O Nge7 12.b4 Nc8 13.Bd2 a6 14.a4 N6a7 15.
Ne3 Be7 16.h4 f6 0-1

[Event "23rd EUR-ch"]
[Site "Vrnjacka Banja SRB"]
[Date "2023.03.03"]
[Round "1.137"]
[White "Korelsky, Egor"]
[Black "Clarke, Brandon"]
[Result "0-1"]
[WhiteElo "2127"]
[BlackElo "2475"]
[EventDate "2023.03.03"]
[PlyCount "120"]

1.e4 c5 2.Nf3 d6 3.d4 cxd4 4.Nxd4 Nf6 5.Nc3 a6 6.h3 Nc6 7.g4 g6 8.Bg2 Nxd4
9.Qxd4 Bg7 10.Be3 O-O 11.Qd2 Be6 12.O-O Nd7 13.Bd4 Bxd4 14.Qxd4 Rc8 15.f4 
b5 16.Rf2 f6 17.Nd1 g5 18.Ne3 gxf4 19.Rxf4 Ne5 20.c3 a5 21.Rf2 b4 22.cxb4 
axb4 23.Raf1 Qa5 24.a3 bxa3 25.bxa3 Qxa3 26.Nd5 Bxd5 27.Qxd5+ Kg7 28.Qb7 
Rce8 29.Kh1 h6 30.Rc2 Qa8 31.Qb3 Rc8 32.Ra2 Qc6 33.Rfa1 Ra8 34.Ra7 Rxa7 
35.Rxa7 Qc1+ 36.Kh2 Qf4+ 37.Qg3 Qxg3+ 38.Kxg3 Kf7 39.Ra3 Rb8 40.Rc3 Rb1 
41.Kf2 Ke6 42.Ra3 Rb2+ 43.Kg3 Rd2 44.Bf1 Rd4 45.Re3 Nd7 46.Kf4 Nc5 47.h4 
d5 48.Rc3 Nxe4 49.Ke3 Rd1 50.Rc6+ Ke5 51.Ba6 Rh1 52.Bc8 Rh3+ 53.Ke2 Rh2+ 
54.Kf1 Kf4 55.Ra6 d4 56.Ra4 e5 57.Kg1 Rxh4 58.Kg2 h5 59.Ra1 hxg4 60.Rf1+ 
Kg5 0-1

[Event "23rd EUR-ch"]
[Site "Vrnjacka Banja SRB"]
[Date "2023.03.03"]
[Round "1.138"]
[White "Briakin, Mikhail"]
[Black "Bashylina, Luisa"]
[Result "1-0"]
[WhiteElo "2474"]
[BlackElo "2127"]
[EventDate "2023.03.03"]
[PlyCount "87"]

1.Nf3 c5 2.c4 Nc6 3.d4 cxd4 4.Nxd4 g6 5.e4 Bg7 6.Be3 d6 7.Nc3 Nf6 8.Be2 
O-O 9.O-O Bd7 10.h3 Rc8 11.b3 a6 12.Rc1 Qa5 13.f4 Nxd4 14.Bxd4 Bc6 15.e5 
dxe5 16.Bxe5 Rfd8 17.Qe1 Qc5+ 18.Qf2 Qxf2+ 19.Kxf2 Ne4+ 20.Nxe4 Bxe4 21.
Bxg7 Kxg7 22.Rfd1 a5 23.Bf3 Bxf3 24.Kxf3 e6 25.Ke3 Kf6 26.g4 e5 27.g5+ Kf5
28.fxe5 Kxe5 29.Rxd8 Rxd8 30.Rf1 Rd7 31.h4 Ke6 32.Rf6+ Ke7 33.Rb6 Rc7 34.
a4 Rd7 35.Rb5 f5 36.gxf6+ Kxf6 37.Rxa5 h6 38.Rb5 Re7+ 39.Kf4 Rd7 40.Rb6+ 
Kf7 41.a5 Rc7 42.Kf3 Re7 43.b4 Rd7 44.b5 1-0

[Event "23rd EUR-ch"]
[Site "Vrnjacka Banja SRB"]
[Date "2023.03.03"]
[Round "1.139"]
[White "Sherman, Reem"]
[Black "Ioannidis, Evgenios"]
[Result "1-0"]
[WhiteElo "2126"]
[BlackElo "2473"]
[EventDate "2023.03.03"]
[PlyCount "50"]

1.e4 e6 2.d4 d5 3.Bd3 dxe4 4.Bxe4 Nf6 5.Bf3 c5 6.Ne2 Nc6 7.Be3 Nd5 8.Bxd5 
Qxd5 9.Nbc3 Qxg2 10.Rg1 Qxh2 11.Bf4 Qh5 12.Nb5 f6 13.Nc7+ Kf7 14.Nxa8 cxd4
15.c3 Qf5 16.cxd4 Bb4+ 17.Bd2 Bd7 18.Nc7 Rc8 19.Ng3 Qd3 20.Bxb4 Qxd1+ 21.
Kxd1 Nxb4 22.Rc1 Nxa2 23.Ne4 Rd8 24.Rc4 Bc6 25.Nc5 g5 1-0

[Event "23rd EUR-ch"]
[Site "Vrnjacka Banja SRB"]
[Date "2023.03.03"]
[Round "1.140"]
[White "Alexakis, Dimitris"]
[Black "Demir, Baran"]
[Result "1-0"]
[WhiteElo "2472"]
[BlackElo "2122"]
[EventDate "2023.03.03"]
[PlyCount "64"]

1.e4 c6 2.d4 d5 3.exd5 cxd5 4.Bd3 Nc6 5.c3 Nf6 6.h3 e5 7.dxe5 Nxe5 8.Nf3 
Nxd3+ 9.Qxd3 Bd6 10.O-O O-O 11.Bg5 Be6 12.Nbd2 h6 13.Bh4 Bf4 14.Rfe1 Re8 
15.Nd4 Bd7 16.Rxe8+ Bxe8 17.Re1 Bd7 18.N2f3 g5 19.Bg3 Bxg3 20.fxg3 Ne4 21.
Ne5 Qf6 22.Rxe4 dxe4 23.Nxd7 exd3 24.Nxf6+ Kg7 25.Ne4 Re8 26.Nd2 Kg6 27.g4
h5 28.Kf2 hxg4 29.hxg4 Re5 30.Nc4 Re4 31.Ne3 d2 32.Ndf5 Rxg4 1-0

[Event "23rd EUR-ch"]
[Site "Vrnjacka Banja SRB"]
[Date "2023.03.03"]
[Round "1.141"]
[White "Giacomini, Hector"]
[Black "Janzelj, Tim"]
[Result "0-1"]
[WhiteElo "2121"]
[BlackElo "2472"]
[EventDate "2023.03.03"]
[PlyCount "96"]

1.Nf3 d5 2.e3 Nf6 3.c4 e6 4.Nc3 Bd6 5.d4 b6 6.cxd5 exd5 7.Bd3 Bb7 8.O-O a6
9.b3 Nbd7 10.Bb2 Qe7 11.Rc1 Ne4 12.Ne2 O-O-O 13.Qc2 Kb8 14.Nf4 g5 15.Nh5 
g4 16.Ne5 Nxe5 17.dxe5 Bxe5 18.Bxe5 Qxe5 19.Bxe4 dxe4 20.Nf4 h5 21.Rfd1 h4
22.Qc4 Qe7 23.b4 Rxd1+ 24.Rxd1 Rd8 25.Rxd8+ Qxd8 26.Qd4 Qe7 27.Kf1 c5 28.
bxc5 bxc5 29.Qc3 Ka7 30.Ke1 Qc7 31.Kd2 Qd7+ 32.Ke1 Qb5 33.Kd2 Bc6 34.Ne2 
Kb6 35.Qb3 Qb4+ 36.Nc3 Ka5 37.Qxf7 Qb2+ 38.Kd1 Qxc3 39.Qc7+ Kb4 40.Qxc6 
Qa1+ 41.Ke2 Qxa2+ 42.Ke1 Qc4 43.Qb7+ Kc3 44.Qb1 Qb4 45.Qc1+ Kb3+ 46.Kd1 
Qc4 47.Qb1+ Ka3 48.Qa1+ Kb4 0-1

[Event "23rd EUR-ch"]
[Site "Vrnjacka Banja SRB"]
[Date "2023.03.03"]
[Round "1.142"]
[White "Firat, Burak"]
[Black "Gkavardinas, Antonios"]
[Result "1-0"]
[WhiteElo "2471"]
[BlackElo "2121"]
[EventDate "2023.03.03"]
[PlyCount "59"]

1.c4 e6 2.Nf3 Nf6 3.g3 d5 4.Bg2 Be7 5.O-O O-O 6.d4 b6 7.cxd5 Nxd5 8.e4 Nf6
9.Nc3 Bb7 10.Qc2 Na6 11.Rd1 Qc8 12.a3 Rd8 13.Bh3 c6 14.Bf4 h6 15.Rac1 g5 
16.Be5 Nd7 17.d5 Nxe5 18.Nxe5 Qc7 19.Ng4 h5 20.Nb5 cxb5 21.Nh6+ Kg7 22.
Qxc7 Nxc7 23.Rxc7 Kxh6 24.Rxb7 Bf6 25.Rxf7 Bxb2 26.Bxe6 Bxa3 27.Bf5 g4 28.
h4 Rh8 29.d6 Rad8 30.d7 1-0